Every Arsenal signing under Mikel Arteta - Statistics

General Stats
  • This quiz has been taken 131 times
  • The average score is 19 of 38
Answers on the Grid
Answers color-coded by a green-red scale on the quiz's grid according to % correct below.
Declan Rice
Kai Havertz
Martin Zubimendi
Gabriel Martinelli
Eberechi Eze
Viktor Gyokeres
Emiliano Martínez
Ben White
Matteo Guendouzi
Noni Madueke
Gabriel Jesus
Granit Xhaka
Thomas Partey
Riccardo Calafiori
Jurrien Timber
Sokratis Papastathopoulos
Martin Odegaard
Fabio Vieira
Héctor Bellerín
Calum Chambers
Oleksandr Zinchenko
Mikel Merino
Bernd Leno
Aaron Ramsdale
Rob Holding
Leandro Trossard
Jakub Kiwior
Takehiro Tomiyasu
Konstantinos Mavropanos
Albert Sambi Lokonga
Cristhian Mosquera
Alexandre Lacazette
Christian Norgaard
Jorginho
Pablo Mari
Nuno Tavares
Pierre-Emerick Aubameyang
Matt Turner
Marquinhos
Runar Alex Runarsson
Emile Smith Rowe
Auston Trusty
Cedric Soares
Joe Willock
Willian
William Saliba
Matthew Ryan
Neto
Raheem Sterling
David Luiz
Piero Hincapie
Kieran Tierney
Gabriel Magalhaes
Kepa
Reiss Nelson
David Raya
Eddie Nketiah
 
Answer Stats
Answer % Correct
Declan Rice
96%
Martin Zubimendi
95%
Kai Havertz
94%
Viktor Gyokeres
74%
Eberechi Eze
72%
Mikel Merino
69%
Noni Madueke
67%
Riccardo Calafiori
65%
Jurrien Timber
64%
Gabriel Jesus
63%
Leandro Trossard
63%
Cristhian Mosquera
62%
Jakub Kiwior
62%
Christian Norgaard
60%
Oleksandr Zinchenko
60%
Fabio Vieira
58%
Ben White
56%
Jorginho
53%
Aaron Ramsdale
47%
Takehiro Tomiyasu
47%
David Raya
46%
Martin Odegaard
46%
Piero Hincapie
44%
Kepa
41%
Raheem Sterling
40%
Nuno Tavares
37%
Matt Turner
36%
Albert Sambi Lokonga
35%
Neto
33%
Thomas Partey
33%
Willian
33%
Marquinhos
31%
Cedric Soares
23%
Pablo Mari
23%
Runar Alex Runarsson
23%
Gabriel Magalhaes
22%
Matthew Ryan
22%
Auston Trusty
19%
No matching quizzes found
Score Distribution
Percent of People with Each Score
Percentile by Number Answered
Your Score History
You have not taken this quiz